Little book of behavioral investing : (Record no. 523843)

000 -LEADER
fixed length control field 01239cam a2200301 a 4500
001 - CONTROL NUMBER
control field 16044809
003 - CONTROL NUMBER IDENTIFIER
control field NUST
005 - DATE AND TIME OF LATEST TRANSACTION
control field 20190530051533.0
008 - FIXED-LENGTH DATA ELEMENTS--GENERAL INFORMATION
fixed length control field 100107s2010 njua 001 0 eng
010 ## - LIBRARY OF CONGRESS CONTROL NUMBER
LC control number 2009052172
020 ## - INTERNATIONAL STANDARD BOOK NUMBER
International Standard Book Number 9780470686027 (cloth)
038 ## - RECORD CONTENT LICENSOR
Staff Name waseem
040 ## - CATALOGING SOURCE
Original cataloging agency DLC
Transcribing agency DLC
Modifying agency DLC
050 00 - LIBRARY OF CONGRESS CALL NUMBER
Classification number HG4515.15
Item number .M663 2010
082 00 - DEWEY DECIMAL CLASSIFICATION NUMBER
Classification number 332.6019
Author Mark MON
100 1# - MAIN ENTRY--PERSONAL NAME
Personal name Montier, James.
9 (RLIN) 14644
245 10 - TITLE STATEMENT
Title Little book of behavioral investing :
Remainder of title how not to be your own worst enemy /
Statement of responsibility, etc. James Montier.
260 ## - PUBLICATION, DISTRIBUTION, ETC.
Place of publication, distribution, etc. Hoboken, N.J. :
Name of publisher, distributor, etc. Wiley,
Date of publication, distribution, etc. c2010.
300 ## - PHYSICAL DESCRIPTION
Extent xv, 219 p. :
Other physical details ill. ;
Dimensions 19 cm.
490 0# - SERIES STATEMENT
Series statement Little book big profits series
500 ## - GENERAL NOTE
General note Includes index.
505 0# - FORMATTED CONTENTS NOTE
Formatted contents note In the heat of the moment -- Who's afraid of the big bad market? -- Always look on the bright side of life -- Why does anyone listen to these guys? -- The folly of forecasting -- Information overload -- Turn off that bubblevision!
650 #0 - SUBJECT ADDED ENTRY--TOPICAL TERM
Topical term or geographic name entry element Investments
General subdivision Psychological aspects.
9 (RLIN) 14632
650 #0 - SUBJECT ADDED ENTRY--TOPICAL TERM
Topical term or geographic name entry element Finance
General subdivision Psychological aspects.
9 (RLIN) 14641
906 ## - LOCAL DATA ELEMENT F, LDF (RLIN)
a 7
b cbc
c orignew
d 1
e ecip
f 20
g y-gencatlg
942 ## - ADDED ENTRY ELEMENTS (KOHA)
Source of classification or shelving scheme
Koha item type Book
Holdings
Withdrawn status Lost status Source of classification or shelving scheme Damaged status Not for loan Permanent Location Current Location Shelving location Date acquired Total Checkouts Full call number Barcode Checked out Date last seen Date last checked out Price effective from Koha item type
          Central Library (CL) Central Library (CL) Finance 05/30/2019 5 332.6019 MON CL-64 05/24/2026 01/24/2026 01/24/2026 05/30/2019 Book
© 2023 Central Library, National University of Sciences and Technology. All Rights Reserved.